书目信息 |
| 题名: |
高等无机化学简明教程
|
|
| 作者: | 金安定 , 刘淑薇 , 吴勇 编著 | |
| 分册: | ||
| 出版信息: | 南京 南京师范大学出版社 2003.02 |
|
| 页数: | 676页, [1]图版 | |
| 开本: | 21cm | |
| 丛书名: | ||
| 单 册: | ||
| 中图分类: | O61 | |
| 科图分类: | ||
| 主题词: | 无机化学--高等学校--教材 | |
| 电子资源: | ||
| ISBN: | 7-81047-392-1 | |
| 000 | 00921nam0 2200253 450 | |
| 001 | 0158509531 | |
| 005 | 20051018091540.04 | |
| 010 | @a7-81047-392-1@dCNY28.00 | |
| 100 | @a20050527d2003 km y0chiy0120 ea | |
| 101 | 0 | @achi |
| 102 | @aCN@b320000 | |
| 105 | @aaf z 000yy | |
| 200 | 1 | @a高等无机化学简明教程@Agao deng wu ji hua xue jian ming jiao cheng@f金安定, 刘淑薇, 吴勇编著@Fjin an ding,liu shu wei,wu yong bian zhu |
| 210 | @a南京@c南京师范大学出版社@d2003.02 | |
| 215 | @a676页, [1]图版@c图, [1]页折图@d21cm | |
| 300 | @a南京师范大学出版资助金资助出版 | |
| 330 | @a本书内容:元素周期系和相对论效应,热力学函数和无机物性质,分子对称和群论,过度元素化学,生物无机化学等。 | |
| 606 | 0 | @a无机化学@x高等学校@x教材 |
| 690 | @aO61@v4 | |
| 701 | 0 | @a金安定@Ajin an ding@4编著 |
| 701 | 0 | @a刘淑薇@Aliu shu wei@4编著 |
| 701 | 0 | @a吴勇@Awu yong@4编著 |
| 801 | 0 | @aCN@bQSSK@c20051018 |
| 905 | @a10447@dO61@eJ750 | |
| 高等无机化学简明教程/金安定, 刘淑薇, 吴勇编著.-南京:南京师范大学出版社,2003.02 |
| 676页, [1]图版:图, [1]页折图;21cm |
| 南京师范大学出版资助金资助出版 |
| ISBN 7-81047-392-1:CNY28.00 |
| 本书内容:元素周期系和相对论效应,热力学函数和无机物性质,分子对称和群论,过度元素化学,生物无机化学等。 |
| ● |
| 相关链接 |
|
|
|
正题名:高等无机化学简明教程
索取号:O61/J750
 
预约/预借
| 序号 | 登录号 | 条形码 | 馆藏地/架位号 | 状态 | 备注 |
| 1 | 569496 | 205694961 | 自科库401/401自科库 61排7列4层/ [索取号:O61/J750] | 在馆 | |
| 2 | 569497 | 205694970 | 自科库401/401自科库 61排7列4层/ [索取号:O61/J750] | 在馆 | |
| 3 | 569498 | 205694989 | 自科库401/401自科库 61排7列4层/ [索取号:O61/J750] | 在馆 |